000
00191 a2200097 4500
020
_a
9788434809079
041
_a
spa
100
_a
Mateos, Pilar
245
_a
Historias de ninguno
942
_c
BK
999
_c
29802
_d
29800